[Event "Warsaw Chess op-A"]
[Site "Warsaw"]
[Date "2022.07.24"]
[Round "8"]
[White "Pettersson, Alexander"]
[Black "Oniani, Tamar"]
[Result "0-1"]
[WhiteElo "1968"]
[BlackElo "1663"]
[PlyCount "58"]
[EventDate "2022.07.18"]
[EventType "swiss"]
[EventRounds "9"]
[EventCountry "POL"]
[SourceTitle "CBM 209 Extra"]
[Source "ChessBase"]
[SourceDate "2022.09.30"]
[SourceVersion "1"]
[SourceVersionDate "2022.09.30"]
[SourceQuality "1"]

1. d4 Nf6 2. c4 e6 3. Nc3 Bb4 4. Bd2 c5 5. Nf3 d5 6. a3 Bxc3 7. Bxc3 Ne4 8. Rc1 Nc6 9. dxc5 Nxc3 10. Rxc3 d4 11. Rc1 e5 12. e3 Qa5+ 13. Qd2 Qxc5 14. b4 Qe7 15. Be2 d3 16. Qxd3 e4 17. Qc3 exf3 18. Qxg7 Qe5 19. Qxe5+ Nxe5 20. gxf3 Bf5 21. Rd1 Rg8 22. Rd5 f6 23. Rb5 0-0-0 24. e4 Be6 25. a4 Kb8 26. Rc5 Rd4 27. f4 Nxc4 28. Bf3 Nb2 29. e5 Nd3+ 0-1

[Event "Warsaw Chess op-A"]
[Site "Warsaw"]
[Date "2022.07.23"]
[Round "6"]
[White "Oniani, Tamar"]
[Black "Zaninotto, Franco"]
[Result "0-1"]
[WhiteElo "1663"]
[BlackElo "2069"]
[PlyCount "72"]
[EventDate "2022.07.18"]
[EventType "swiss"]
[EventRounds "9"]
[EventCountry "POL"]
[SourceTitle "CBM 209 Extra"]
[Source "ChessBase"]
[SourceDate "2022.09.30"]
[SourceVersion "1"]
[SourceVersionDate "2022.09.30"]
[SourceQuality "1"]

1. d4 Nf6 2. c4 g6 3. Nc3 Bg7 4. e4 d6 5. Bd3 0-0 6. Nge2 Nc6 7. a3 Nh5 8. Be3 e5 9. d5 Ne7 10. 0-0 f5 11. f3 f4 12. Bf2 g5 13. Nc1 Nf6 14. Be2 h5 15. b4 Ng6 16. c5 g4 17. Kh1 g3 18. Be1 gxh2 19. Kxh2 h4 20. Rh1 Nh5 21. Kg1 Rf7 22. Nd3 h3 23. Bf1 Qg5 24. Ra2 Bf8 25. cxd6 cxd6 26. Rh2 Rg7 27. Nf2 hxg2 28. Rxg2 Ng3 29. Ng4 Nh4 30. Bxg3 Nxg2 31. Rxg2 fxg3 32. Rxg3 Bxg4 33. fxg4 Be7 34. Nb5 Rc8 35. Nxa7 Rc1 36. Qd3 Rf7 0-1

[Event "Warsaw Chess op-A"]
[Site "Warsaw"]
[Date "2022.07.19"]
[Round "2"]
[White "Dev, Shah"]
[Black "Oniani, Tamar"]
[Result "1-0"]
[WhiteElo "2292"]
[BlackElo "1663"]
[PlyCount "75"]
[EventDate "2022.07.18"]
[EventType "swiss"]
[EventRounds "9"]
[EventCountry "POL"]
[SourceTitle "CBM 209 Extra"]
[Source "ChessBase"]
[SourceDate "2022.09.30"]
[SourceVersion "1"]
[SourceVersionDate "2022.09.30"]
[SourceQuality "1"]

1. d4 d5 2. c4 c6 3. Nf3 Nf6 4. g3 dxc4 5. Bg2 g6 6. 0-0 Bg7 7. a4 0-0 8. Na3 Be6 9. Ng5 Qc8 10. Nxe6 Qxe6 11. Qc2 Na6 12. Nxc4 Nd5 13. e3 Rab8 14. Rd1 Ndb4 15. Qb3 Rfd8 16. Bd2 Nd5 17. a5 Ndc7 18. Qc2 c5 19. dxc5 Nxc5 20. Rab1 Nd3 21. Bf1 Ne5 22. Nxe5 Bxe5 23. Bg2 Na6 24. b4 b5 25. Be1 Rdc8 26. Qe2 Bc3 27. Bxc3 Rxc3 28. Qd2 Qc4 29. Bf1 Qc7 30. Qd4 e6 31. h4 Qc8 32. Qxa7 Nc7 33. Rbc1 Nd5 34. Rxc3 Nxc3 35. Rd7 Qf8 36. Rxf7 Qxf7 37. Qxb8+ Kg7 38. Qe5+ 1-0

[Event "Prague op-B 20th"]
[Site "Prague"]
[Date "2022.01.14"]
[Round "9"]
[White "Huz, Valerii"]
[Black "Oniani, Tamar"]
[Result "0-1"]
[WhiteElo "1376"]
[BlackElo "1618"]
[PlyCount "64"]
[EventDate "2022.01.07"]
[EventType "swiss"]
[EventRounds "9"]
[EventCountry "CZE"]
[SourceTitle "CBM 206 Extra"]
[Source "ChessBase"]
[SourceDate "2022.03.31"]
[SourceVersion "1"]
[SourceVersionDate "2022.03.31"]
[SourceQuality "1"]

1. e4 e6 2. d4 d5 3. Nc3 Bb4 4. e5 c5 5. a3 Ba5 6. Qg4 Kf8 7. Nge2 h5 8. Qf4 Nc6 9. Bd2 Nge7 10. 0-0-0 Ng6 11. Qe3 cxd4 12. Nxd4 Ngxe5 13. f4 Ng4 14. Qg1 Nxd4 15. Qxd4 Bb6 16. Qb4+ Qe7 17. Na4 Be3 18. Kb1 Qxb4 19. Bxb4+ Kg8 20. Bd2 Bd7 21. Nc3 Bb6 22. Re1 Nf2 23. Rg1 Ne4 24. Nxe4 Bxg1 25. Be2 Bb6 26. Ng5 f6 27. Nf3 Kf7 28. Bd3 Rhd8 29. Nh4 Bf2 30. Bg6+ Kg8 31. Re2 Bxh4 32. g3 Be8 0-1

[Event "Prague op-B 20th"]
[Site "Prague"]
[Date "2022.01.12"]
[Round "7"]
[White "Svetly, Jiri"]
[Black "Oniani, Tamar"]
[Result "1/2-1/2"]
[WhiteElo "1800"]
[BlackElo "1618"]
[PlyCount "124"]
[EventDate "2022.01.07"]
[EventType "swiss"]
[EventRounds "9"]
[EventCountry "CZE"]
[SourceTitle "CBM 206 Extra"]
[Source "ChessBase"]
[SourceDate "2022.03.31"]
[SourceVersion "1"]
[SourceVersionDate "2022.03.31"]
[SourceQuality "1"]

1. d4 Nf6 2. c4 e6 3. Nc3 Bb4 4. Qc2 c5 5. dxc5 Qa5 6. Bd2 Qxc5 7. e3 d5 8. a3 Bxc3 9. Bxc3 a5 10. Rc1 Nbd7 11. Nf3 0-0 12. b4 Qc7 13. c5 e5 14. Be2 Ne4 15. 0-0 Nxc3 16. Qxc3 e4 17. Nd4 Ne5 18. f4 exf3 19. Nxf3 Ng4 20. h3 Nf6 21. Ng5 Qg3 22. h4 Qxh4 23. Rxf6 Qxg5 24. Rf3 axb4 25. Qxb4 Bg4 26. Rg3 h5 27. Bxg4 hxg4 28. Rc3 Qe5 29. Rxg4 Ra4 30. Qxa4 Qxc3 31. Qd4 Qxd4 32. Rxd4 Ra8 33. Rxd5 Rxa3 34. Rd8+ Kh7 35. Kf2 Ra5 36. Rd7 Kg6 37. Rxb7 Rxc5 38. e4 f6 39. Kf3 Kh6 40. Rf7 Kg6 41. Rf8 Kg5 42. Rf7 Rc3+ 43. Kf2 g6 44. Rf8 Rc6 45. Kf3 Kh6 46. Kf4 g5+ 47. Kf5 Kg7 48. Rd8 Rc5+ 49. Rd5 Rc7 50. e5 fxe5 51. Rxe5 Rf7+ 52. Kxg5 Rf2 53. g3 Rf3 54. Kg4 Rf7 55. Re6 Ra7 56. Kh5 Ra5+ 57. Kh4 Ra4+ 58. g4 Ra7 59. Kh5 Ra5+ 60. g5 Ra7 61. Rg6+ Kh7 62. Rb6 Kg7 1/2-1/2

[Event "Prague op-B 20th"]
[Site "Prague"]
[Date "2022.01.11"]
[Round "6"]
[White "Barbier, Astrid"]
[Black "Oniani, Tamar"]
[Result "0-1"]
[WhiteElo "1910"]
[BlackElo "1618"]
[PlyCount "162"]
[EventDate "2022.01.07"]
[EventType "swiss"]
[EventRounds "9"]
[EventCountry "CZE"]
[SourceTitle "CBM 206 Extra"]
[Source "ChessBase"]
[SourceDate "2022.03.31"]
[SourceVersion "1"]
[SourceVersionDate "2022.03.31"]
[SourceQuality "1"]

1. e4 e6 2. d4 d5 3. exd5 exd5 4. Bd3 Nf6 5. h3 Bd6 6. Qf3 Qe7+ 7. Ne2 Nc6 8. c3 Bd7 9. 0-0 0-0-0 10. Bf4 Bxf4 11. Nxf4 g5 12. Nxd5 Nxd5 13. Qxd5 Bxh3 14. Bf5+ Kb8 15. Qf3 Bxf5 16. Qxf5 g4 17. Nd2 Qh4 18. Ne4 Rxd4 19. Qg5 Qxg5 20. Nxg5 Rd2 21. Nxf7 Rf8 22. Nh6 Ne5 23. Rae1 Nd3 24. Re3 Nxb2 25. Nxg4 a5 26. Re7 h5 27. Ne5 Rf5 28. a3 Nd3 29. Nf3 Ra2 30. Re8+ Ka7 31. Rd8 Nf4 32. Kh2 Ne2 33. c4 Rxa3 34. Re8 Nc3 35. Re3 Rc5 36. Nd2 b5 37. cxb5 Nxb5 38. Re7 Nd6 39. f4 a4 40. Ne4 Nxe4 41. Rxe4 Rc2 42. Rb1 Raa2 43. Re5 Rxg2+ 44. Kh3 Rg6 45. f5 Rb6 46. Rc1 Kb7 47. Rec5 Rf6 48. Kh4 Rg2 49. Rxc7+ Kb6 50. Rc8 Rxf5 51. Rb1+ Ka7 52. Rc7+ Ka6 53. Rc6+ Ka5 54. Rc8 Rg4+ 55. Kh3 Rf3+ 56. Kh2 Rb3 57. Ra1 Rgb4 58. Ra8+ Kb5 59. Rb8+ Kc6 60. Ra8 Rh4+ 61. Kg2 Rbb4 62. Kg3 Rhg4+ 63. Kh3 h4 64. Ra5 Kb6 65. Rh5 Rg3+ 66. Kh2 Rb2+ 67. Kh1 Rh3+ 68. Kg1 a3 69. Rf1 Rb5 70. Rh8 Rg5+ 71. Kf2 Rf5+ 72. Ke2 Rxf1 73. Kxf1 a2 74. Kg2 Rg3+ 75. Kh2 a1Q 76. Rb8+ Kc5 77. Rc8+ Kb4 78. Rb8+ Kc3 79. Rc8+ Kb2 80. Rc2+ Kb3 81. Rc1 Qb2+ 0-1

[Event "Prague op-B 20th"]
[Site "Prague"]
[Date "2022.01.10"]
[Round "5"]
[White "Oniani, Tamar"]
[Black "Karlsson, Peter1111"]
[Result "1-0"]
[WhiteElo "1618"]
[BlackElo "1726"]
[PlyCount "43"]
[EventDate "2022.01.07"]
[EventType "swiss"]
[EventRounds "9"]
[EventCountry "CZE"]
[SourceTitle "CBM 206 Extra"]
[Source "ChessBase"]
[SourceDate "2022.03.31"]
[SourceVersion "1"]
[SourceVersionDate "2022.03.31"]
[SourceQuality "1"]

1. d4 Nf6 2. c4 c5 3. d5 b5 4. cxb5 a6 5. b6 Qxb6 6. Nc3 g6 7. e4 d6 8. Bd3 Bg7 9. Nge2 Bg4 10. Rb1 Bxe2 11. Qxe2 0-0 12. 0-0 Nbd7 13. Kh1 Rfc8 14. f4 Ne8 15. Bd2 Nc7 16. Na4 Qa7 17. b4 Bd4 18. bxc5 dxc5 19. Bc4 Nb5 20. e5 Nb6 21. Nxb6 Qxb6 22. a4 1-0

[Event "GEO-ch (Women) 1st League 78th"]
[Site "Tbilisi"]
[Date "2021.03.25"]
[Round "8"]
[White "Oniani, Tamar"]
[Black "Esadze, Tamari"]
[Result "0-1"]
[WhiteElo "1604"]
[BlackElo "1889"]
[PlyCount "66"]
[EventDate "2021.03.18"]
[EventType "swiss"]
[EventRounds "9"]
[EventCountry "GEO"]
[SourceTitle "CBM 201 Extra"]
[Source "ChessBase"]
[SourceDate "2021.05.31"]
[SourceVersion "1"]
[SourceVersionDate "2021.05.31"]
[SourceQuality "1"]

1. d4 d5 2. c4 e6 3. Nc3 Nf6 4. Bg5 Bb4 5. Qa4+ Nc6 6. e3 0-0 7. Nf3 h6 8. Bh4 g5 9. Bg3 Ne4 10. Qc2 f5 11. a3 Bxc3+ 12. bxc3 Ne7 13. Ne5 Qe8 14. f3 Nf6 15. c5 b6 16. cxb6 cxb6 17. a4 Bd7 18. h4 g4 19. Bf4 Kg7 20. h5 Rg8 21. fxg4 Ne4 22. Bd3 Kh7 23. gxf5 exf5 24. g4 Rc8 25. c4 Nc6 26. Nxd7 Qxd7 27. Rb1 Rxg4 28. Rb5 Nxd4 29. exd4 Rxf4 30. Qh2 Nf2 31. Kd2 Nxd3 32. Kxd3 dxc4+ 33. Kc2 Qxd4 0-1

[Event "GEO-ch (Women) 1st League 78th"]
[Site "Tbilisi"]
[Date "2021.03.24"]
[Round "7"]
[White "Sichinava, Mariam"]
[Black "Oniani, Tamar"]
[Result "0-1"]
[WhiteElo "1516"]
[BlackElo "1604"]
[PlyCount "74"]
[EventDate "2021.03.18"]
[EventType "swiss"]
[EventRounds "9"]
[EventCountry "GEO"]
[SourceTitle "CBM 201 Extra"]
[Source "ChessBase"]
[SourceDate "2021.05.31"]
[SourceVersion "1"]
[SourceVersionDate "2021.05.31"]
[SourceQuality "1"]

1. Nf3 Nf6 2. g3 d5 3. Bg2 c5 4. c4 d4 5. 0-0 Nc6 6. e3 e6 7. exd4 Nxd4 8. Nxd4 Qxd4 9. Nc3 Be7 10. d3 0-0 11. Be3 Qd8 12. Qc2 Ng4 13. Bf4 g5 14. Qe2 Nxh2 15. Kxh2 gxf4 16. Qg4+ Kh8 17. Qxf4 Bd6 18. Qh6 f5 19. Nb5 Be5 20. Qe3 Bxb2 21. Rab1 f4 22. Qxc5 Bg7 23. Be4 e5 24. d4 Qg5 25. d5 Qh5+ 26. Kg1 f3 27. Qe3 Bg4 28. Rb3 Qh3 29. Bxf3 Bxf3 30. Qxf3 Rxf3 31. Rxf3 Qd7 32. Rd3 a6 33. Nc3 Rc8 34. Rb1 Rxc4 35. d6 e4 36. Nxe4 Rxe4 37. Rc1 Bd4 0-1

[Event "GEO-ch (Women) 1st League 78th"]
[Site "Tbilisi"]
[Date "2021.03.18"]
[Round "1"]
[White "Khurtsilava, Inga"]
[Black "Oniani, Tamar"]
[Result "1-0"]
[WhiteElo "2260"]
[BlackElo "1604"]
[PlyCount "81"]
[EventDate "2021.03.18"]
[EventType "swiss"]
[EventRounds "9"]
[EventCountry "GEO"]
[SourceTitle "CBM 201 Extra"]
[Source "ChessBase"]
[SourceDate "2021.05.31"]
[SourceVersion "1"]
[SourceVersionDate "2021.05.31"]
[SourceQuality "1"]

1. c4 Nf6 2. Nc3 g6 3. e4 d6 4. d4 Bg7 5. f3 Nbd7 6. Be3 0-0 7. Qd2 e5 8. d5 a5 9. Nge2 Nc5 10. Nc1 Kh8 11. Nd3 Nxd3+ 12. Bxd3 Nd7 13. h4 Nc5 14. h5 Nxd3+ 15. Qxd3 g5 16. h6 Bf6 17. g4 Be7 18. Kf2 Rg8 19. Rac1 Rg6 20. Nb5 c5 21. dxc6 bxc6 22. Nc3 Qf8 23. Qd2 Ba6 24. b3 Bb7 25. Rcd1 f6 26. Kg2 Ra6 27. Ne2 Rxh6 28. Rxh6 Qxh6 29. Ng3 Bc8 30. c5 Qf8 31. cxd6 Bd8 32. d7 Bb7 33. Qf2 Ra8 34. Nf5 Qf7 35. Bb6 Rb8 36. Kg3 h5 37. gxh5 Kh7 38. Qc5 Ba8 39. Bxd8 Rxd8 40. Qxa5 Qf8 41. b4 1-0

[Event "GEO-ch U20 Girls"]
[Site "Tbilisi"]
[Date "2020.08.14"]
[Round "9"]
[White "Oniani, Tamar"]
[Black "Pipia, Ekaterine"]
[Result "1-0"]
[WhiteElo "1569"]
[BlackElo "2071"]
[PlyCount "113"]
[EventDate "2020.08.06"]
[EventType "swiss"]
[EventRounds "9"]
[EventCountry "GEO"]
[SourceTitle "CBM 197 Extra"]
[Source "ChessBase"]
[SourceDate "2020.09.30"]
[SourceVersion "1"]
[SourceVersionDate "2020.09.30"]
[SourceQuality "1"]

1. d4 Nf6 2. c4 e6 3. Nf3 d5 4. Nc3 Bb4 5. Bf4 0-0 6. e3 Ne4 7. Qc2 c6 8. Bd3 f5 9. 0-0 Nd7 10. Ne5 Be7 11. f3 Nd6 12. cxd5 exd5 13. Rae1 Nf6 14. Bg3 g6 15. b4 Nde8 16. b5 c5 17. dxc5 Bxc5 18. Nxd5 Bd6 19. Nxf6+ Nxf6 20. Bc4+ Kg7 21. Rd1 Ne8 22. Nf7 Rxf7 23. Bxf7 Kxf7 24. Qd3 f4 25. Bxf4 Bf5 26. Qd5+ Be6 27. Qxb7+ Kf6 28. Bxd6 Nxd6 29. Rxd6 Qxd6 30. Qxa8 Bc4 31. Qh8+ Kg5 32. Qd4 Qxd4 33. exd4 Bxf1 34. Kxf1 Kf5 35. Ke2 Ke6 36. a4 Kd6 37. Kd3 Kd5 38. a5 g5 39. b6 axb6 40. axb6 Kc6 41. Ke4 Kxb6 42. Ke5 Kc6 43. Ke6 Kc7 44. Ke7 Kc6 45. Ke6 Kc7 46. g3 h6 47. h4 gxh4 48. gxh4 Kd8 49. f4 Ke8 50. f5 Kf8 51. f6 Ke8 52. d5 h5 53. d6 Kf8 54. d7 Kg8 55. d8Q+ Kh7 56. Qe7+ Kh8 57. Qg7# 1-0

[Event "GEO-ch U20 Girls"]
[Site "Tbilisi"]
[Date "2020.08.06"]
[Round "1"]
[White "Oniani, Tamar"]
[Black "Tsotsonava, Elene"]
[Result "1-0"]
[WhiteElo "1569"]
[BlackElo "2012"]
[PlyCount "78"]
[EventDate "2020.08.06"]
[EventType "swiss"]
[EventRounds "9"]
[EventCountry "GEO"]
[SourceTitle "CBM 197 Extra"]
[Source "ChessBase"]
[SourceDate "2020.09.30"]
[SourceVersion "1"]
[SourceVersionDate "2020.09.30"]
[SourceQuality "1"]

1. d4 d5 2. c4 dxc4 3. Nf3 Nf6 4. Nc3 a6 5. a4 e6 6. e3 c5 7. Bxc4 cxd4 8. exd4 Bb4 9. 0-0 0-0 10. Qb3 Qa5 11. Bf4 Nc6 12. d5 Bxc3 13. dxc6 Bb4 14. Nd4 e5 15. Bxe5 Qxe5 16. Qxb4 Ng4 17. Nf3 Qc7 18. Rac1 a5 19. Qa3 bxc6 20. h3 Nf6 21. Rfe1 Bf5 22. Nd4 Be4 23. Bb5 Qf4 24. Nxc6 Nh5 25. Qe3 f5 26. Ne7+ Kh8 27. Bc6 Bxc6 28. Nxc6 Qh4 29. Nd4 f4 30. Qf3 Nf6 31. Ne6 Rfb8 32. Nxf4 Ra7 33. b3 Rf7 34. Rc4 Qh6 35. Qg3 Rbf8 36. Ne6 Re8 37. Rc7 Nh5 38. Qc3 Rf6 39. Nxg7 Nxg7 1-0